Impact of training and development programs on employees performance : (Record no. 230910)
[ view plain ]
| 000 -LEADER | |
|---|---|
| fixed length control field | 00761nam a22001937a 4500 |
| 003 - CONTROL NUMBER IDENTIFIER | |
| control field | OSt |
| 005 - DATE AND TIME OF LATEST TRANSACTION | |
| control field | 20240527102353.0 |
| 008 - FIXED-LENGTH DATA ELEMENTS--GENERAL INFORMATION | |
| fixed length control field | 240523b ||||| |||| 00| 0 eng d |
| 040 ## - CATALOGING SOURCE | |
| Transcribing agency | AIMIT LIBRARY |
| 100 ## - MAIN ENTRY--PERSONAL NAME | |
| Personal name | Mathias, Maria Farel. |
| Relator term | 2016078 |
| 9 (RLIN) | 167188 |
| 245 ## - TITLE STATEMENT | |
| Title | Impact of training and development programs on employees performance : |
| Remainder of title | Study with reference to vibgyor advicorp pvt. ltd. Mumbai / |
| Statement of responsibility, etc. | By Maria Farel Mathias ; Guided by G Vasantha. |
| 260 ## - PUBLICATION, DISTRIBUTION, ETC. | |
| Place of publication, distribution, etc. | Mumbai ; |
| Date of publication, distribution, etc. | 2022. |
| 650 ## - SUBJECT ADDED ENTRY--TOPICAL TERM | |
| Topical term or geographic name entry element | Industry profile company profile and information to study |
| 9 (RLIN) | 167844 |
| 650 ## - SUBJECT ADDED ENTRY--TOPICAL TERM | |
| Topical term or geographic name entry element | Research methodology |
| 9 (RLIN) | 167845 |
| 650 ## - SUBJECT ADDED ENTRY--TOPICAL TERM | |
| Topical term or geographic name entry element | Data analysis and conclusion |
| 9 (RLIN) | 167846 |
| 700 ## - ADDED ENTRY--PERSONAL NAME | |
| Personal name | Vasantha, G. |
| Relator term | Guide |
| 9 (RLIN) | 167189 |
| 856 ## - ELECTRONIC LOCATION AND ACCESS | |
| Materials specified | Vibgyor Advicorp Pvt. Ltd. |
| 942 ## - ADDED ENTRY ELEMENTS (KOHA) | |
| Source of classification or shelving scheme | Dewey Decimal Classification |
| Koha item type | Project Report |
| Withdrawn status | Lost status | Source of classification or shelving scheme | Damaged status | Not for loan | Collection code | Home library | Current library | Shelving location | Date acquired | Total Checkouts | Barcode | Date last seen | Copy number | Price effective from | Koha item type |
|---|---|---|---|---|---|---|---|---|---|---|---|---|---|---|---|
| Dewey Decimal Classification | Not for loan | Project Report MBA | St Aloysius Institute of Management & Information Technology | St Aloysius Institute of Management & Information Technology | Dissertations | 05/23/2024 | PRB01930 | 05/23/2024 | 2016078 | 05/23/2024 | Project Report |